000 00377nam a2200145Ia 4500
008 240729s9999 xx 000 0 und d
022 _a2544-4395
245 0 _aPhysiotherapy Quarterly
260 _aPoland
260 _bTermedia Publishing House
650 _aMedicine
856 _uhttps://doaj.org/toc/53cde60a11d249ada2fe1abe31aab7a1
942 _2ddc
942 _cDOAJEJ
999 _c74579
_d74579
945 _a1
_bMadushi Gamage
_c1
_dMadushi Gamage